000 00577nam a2200205Ia 4500
003 PILC
005 20160317100306.0
008 140910s9999 xx 000 0 und d
020 _a9781595141880
050 _aPZ 7
_b.As8155Th 2007
100 _aAsher, Jay.
245 _aThirteen reasons why :
_ba novel /
_cJay Asher.
260 _aNew York :
_bRazorbill,
_cc2007.
300 _a288 pages :
_c22 cm.
650 _aHigh schools
_xFiction.
650 _aInterpersonal relations
_xFiction.
650 _aSchools
_xFiction.
650 _aSuicide
_xFiction.
942 _cBK
_2lcc
999 _c275469
_d275469